000 00704nam a22002297a 4500
003 UA-OsUOA
001 102966
007 ta
008 20131007b un ||||| |||| 00| 0 ukr d
100 _aГражевська Н.І.
700 _aТрохименко В. І.
090 _a330
_bГ75
942 _cSA
040 _aUA-OsUOA
_bukr
_cUA-OsUOA
_dUA-OsUOA
245 _aІнституційна зміна світової економіки за умов фінансової глобалізації
300 _aС.58-69
955 _a0
041 _aukr
080 _a330
773 0 _w102961
_tФінанси України
_dК.
_d2013
_g5
650 7 _a330 Економіка взагалі
_2UDC
999 _c389203
_d389203